000 00303nam a22001337a 4500
008 260218b ||||| |||| 00| 0 eng d
020 _a9788800806558
041 _aital
080 _82.1
_a2.1
100 _a20.1
101 _aItal
245 _aAperitivo A Firenze
_cSandro Cappelli
942 _2lcc
_cBK
999 _c60807
_d60807